| 000 | 00444nam a2200181Ia 4500 | ||
|---|---|---|---|
| 008 | 230524s9999 xx 000 0 und d | ||
| 020 | _a9788126530724 | ||
| 082 |
_a625.8 _bYOD |
||
| 100 |
_aE.J.Yoder _941477 |
||
| 245 | 0 | _aPrinciples Of Pavement Design | |
| 250 | _a2 | ||
| 260 |
_aNew Delhi _bJ.Wiley _c2014 |
||
| 300 | _a"xiii,699p;" | ||
| 500 | _aQuantity Number: 1 | ||
| 650 | _aCivil | ||
| 700 |
_aM.W.Witczak _941478 |
||
| 942 | _cBK | ||
| 999 |
_c55749 _d55749 |
||